000 00766cam a22002531 4500
001 he 68001455
003 DLC
005 20260227111458.0
008 710901s1968 is 000 1 eng
010 _ahe 68001455
025 _aPL480:Is-7213
040 _aDLC
_cDLC
_dDLC
041 1 _aengheb
050 0 0 _aPZ3.B923
_bIn
100 1 _aBurla, Yehuda,
_d1886-1969.
240 1 0 _aNaftule adam.
_lEnglish
245 1 0 _aIn darkness striving.
_cTranslated from the Hebrew by Joseph Schachter. Edited by Murray Roston.
260 _aJerusalem,
_bInstitute for the Translation of Hebrew Literature,
_c1968.
300 _a135 p.
_c22 cm.
350 _a9.75
500 _aTranslation of Naftule adam.
650 0 _aJews
_xFiction.
655 7 _aJewish fiction.
_2lcsh
999 _c33317
_d33317